书目信息 |
| 题名: |
明清散曲与歌谣时调互动研究
|
|
| 作者: | 冯艳 著 | |
| 分册: | ||
| 出版信息: | 北京 中国社会科学出版社 2016 |
|
| 页数: | 330页 | |
| 开本: | 24cm | |
| 丛书名: | ||
| 单 册: | ||
| 中图分类: | I207.24 | |
| 科图分类: | ||
| 主题词: | 散曲--san qu--文学研究--中国--明清时代 , 民间歌谣--min jian ge yao--文学研究--中国--明清时代 | |
| 电子资源: | ||
| ISBN: | 978-7-5161-9490-4 | |
| 000 | 01075nam0 22002531 450 | |
| 001 | 1738607197 | |
| 005 | 20170627164625.0 | |
| 010 | @a978-7-5161-9490-4@dCNY78.00 | |
| 100 | @a20170406d2016 kemy0chiy50 ea | |
| 101 | 0 | @achi |
| 102 | @aCN@b110000 | |
| 105 | @ay v 000yy | |
| 106 | @ar | |
| 200 | 1 | @a明清散曲与歌谣时调互动研究@9ming qing san qu yu ge yao shi tiao hu dong yan jiu@f冯艳著 |
| 210 | @a北京@c中国社会科学出版社@d2016 | |
| 215 | @a330页@d24cm | |
| 300 | @a教育部2013年度人文社会科学研究青年基金项目“中国古代散曲与歌谣时调互动研究”资助成果 | |
| 330 | @a本书分别从宏观和具体方面研究了明清两代文化文学场中散曲与歌谣时调的互动全景及一系列具体互动情况。散曲与歌谣时调之间不同形式的互动对各自的发展均产生了影响,这些影响使二者的发展轨迹更富于变化,也使它们的存在状态更加丰富多样。 | |
| 606 | 0 | @a散曲@9san qu@x文学研究@y中国@z明清时代 |
| 606 | 0 | @a民间歌谣@9min jian ge yao@x文学研究@y中国@z明清时代 |
| 690 | @aI207.24@v5 | |
| 701 | 0 | @a冯艳@9feng yan@c(女,文学@f1978~)@4著 |
| 801 | 0 | @aCN@bTANGWEI@c20170621 |
| 905 | @b1015903-8@dI207.24@e1040@f6 | |
| 明清散曲与歌谣时调互动研究/冯艳著.-北京:中国社会科学出版社,2016 |
| 330页;24cm |
| 教育部2013年度人文社会科学研究青年基金项目“中国古代散曲与歌谣时调互动研究”资助成果 |
| ISBN 978-7-5161-9490-4:CNY78.00 |
| 本书分别从宏观和具体方面研究了明清两代文化文学场中散曲与歌谣时调的互动全景及一系列具体互动情况。散曲与歌谣时调之间不同形式的互动对各自的发展均产生了影响,这些影响使二者的发展轨迹更富于变化,也使它们的存在状态更加丰富多样。 |
| ● |
| 相关链接 |
|
|
|
|
正题名:明清散曲与歌谣时调互动研究
索取号:I207.24/1040
 
预约/预借
| 序号 | 登录号 | 条形码 | 馆藏地/架位号 | 状态 | 备注 |
| 1 | 1015903 | 210159031 | 第一样本阅览室/ [索取号:I207.24/1040] | 在馆 | |
| 2 | 1015904 | 210159040 | 教育系资料室/ [索取号:I207.24/1040] | 在馆 | |
| 3 | 1015905 | 210159059 | 教育系资料室/ [索取号:I207.24/1040] | 在馆 | |
| 4 | 1015906 | 210159068 | 教育系资料室/ [索取号:I207.24/1040] | 在馆 | |
| 5 | 1015907 | 210159077 | 第二借阅区/ [索取号:I207.24/1040] | 在馆 | |
| 6 | 1015908 | 210159086 | 第二借阅区/ [索取号:I207.24/1040] | 在馆 |